Learning Resource and Development

Biology / (Record no. 15647)

MARC details
000 -LEADER
fixed length control field 01431nam a2200385Ia 4500
001 - CONTROL NUMBER
control field biology00solo
003 - CONTROL NUMBER IDENTIFIER
control field CaSfIA
005 - DATE AND TIME OF LATEST TRANSACTION
control field 20230525154556.0
007 - PHYSICAL DESCRIPTION FIXED FIELD--GENERAL INFORMATION
fixed length control field cr||||
008 - FIXED-LENGTH DATA ELEMENTS--GENERAL INFORMATION
fixed length control field 930706s1993 txu 001 0 eng d
010 ## - LIBRARY OF CONGRESS CONTROL NUMBER
LC control number 92050827
040 ## - CATALOGING SOURCE
Original cataloging agency OUB
Transcribing agency OUB
Modifying agency BAKER
-- CaSfIA
020 ## - INTERNATIONAL STANDARD BOOK NUMBER
International Standard Book Number 0030727960
020 ## - INTERNATIONAL STANDARD BOOK NUMBER
International Standard Book Number 9780030727962
035 ## - SYSTEM CONTROL NUMBER
System control number (OCoLC)28387744
050 #4 - LIBRARY OF CONGRESS CALL NUMBER
Classification number QH308.2
Item number .S62 1993
082 #4 - DEWEY DECIMAL CLASSIFICATION NUMBER
Classification number 574
Edition number 20
029 1# - OTHER SYSTEM CONTROL NUMBER (OCLC)
OCLC library identifier NZ1
System control number 4755053
029 1# - OTHER SYSTEM CONTROL NUMBER (OCLC)
OCLC library identifier AU@
System control number 000010246766
029 1# - OTHER SYSTEM CONTROL NUMBER (OCLC)
OCLC library identifier AU@
System control number 000011953342
100 1# - MAIN ENTRY--PERSONAL NAME
Personal name Solomon, Eldra Pearl.
245 10 - TITLE STATEMENT
Title Biology /
Medium [electronic resource]
Statement of responsibility, etc. Eldra Pearl Solomon ... [et al.].
250 ## - EDITION STATEMENT
Edition statement 3rd ed.
260 ## - PUBLICATION, DISTRIBUTION, ETC.
Place of publication, distribution, etc. Fort Worth :
Name of publisher, distributor, etc. Saunders College Pub.,
Date of publication, distribution, etc. c1993.
300 ## - PHYSICAL DESCRIPTION
Extent xxxi, [1274] p. :
Other physical details ill. (some col.) ;
Dimensions 28 cm.
500 ## - GENERAL NOTE
General note Rev. ed. of: Biology / Claude A. Villee, Eldra Pearl Solomon, P. William Davis. c1985.
504 ## - BIBLIOGRAPHY, ETC. NOTE
Bibliography, etc. note Includes bibliographical references and index.
505 0# - FORMATTED CONTENTS NOTE
Formatted contents note pt. 1. The organization of life -- pt. 2. Energy in living systems -- pt. 3. The continuity of life: genetics.
650 #0 - SUBJECT ADDED ENTRY--TOPICAL TERM
Topical term or geographic name entry element Biology.
700 1# - ADDED ENTRY--PERSONAL NAME
Personal name Villee, Claude Alvin,
Dates associated with a name 1917-
Title of a work Biology.
700 1# - ADDED ENTRY--PERSONAL NAME
Personal name Berg, Linda.
700 1# - ADDED ENTRY--PERSONAL NAME
Personal name Martin, Diana W.
856 41 - ELECTRONIC LOCATION AND ACCESS
Uniform Resource Identifier <a href="http://www.archive.org/details/biology00solo">http://www.archive.org/details/biology00solo</a>
Public note Free eBook from the Internet Archive
856 42 - ELECTRONIC LOCATION AND ACCESS
Uniform Resource Identifier <a href="http://www.openlibrary.org/books/OL1743578M">http://www.openlibrary.org/books/OL1743578M</a>
Public note Additional information and access via Open Library
Holdings
Withdrawn status Lost status Damaged status Not for loan Collection Home library Current library Date acquired Total Checkouts Date last seen Price effective from Koha item type
        Project Gutenberg Main Library Main Library 05/25/2023   05/25/2023 05/25/2023 EBooks